Word Ladder: Morning Perk Quiz Stats

Quiz Updated May 24, 2016

Challenge
Share
Tweet
Embed
Score 0/12 Timer 01:30
1 Play Today
Hint 4-Letter Word % Correct
12 inchesFOOT
98.8%
Unable to find the wayLOST
98.3%
Stolen valuables, especially during war or by piratesLOOT
97.2%
Cheese, fish, potatoes, e.g.FOOD
96.6%
Home for chickensCOOP
95.1%
Actors in a play or movieCAST
95%
Amount paid for somethingCOST
94.5%
Coffee slogan: [rung 1] to the _____ [rung 12]● LAST ●
94.1%
Coffee slogan: _____ to the [rung 6] [rung 12]● GOOD ●
91.5%
Plant cultivated for agricultural purposesCROP
91.3%
Coffee slogan: [rung 1] to the [rung 6] _____● DROP ●
90.3%
Small wading bird, usually wih black feathersCOOT
87.8%

Today's Daily Dose

You're not logged in!

Compare scores with friends on all Sporcle quizzes.
Join for Free
OR
Log In

You Might Also Like...

Show Comments

Extras

Top Quizzes Today


Score Distribution

Your Account Isn't Verified!

In order to create a playlist on Sporcle, you need to verify the email address you used during registration. Go to your Sporcle Settings to finish the process.

Report this User

Report this user for behavior that violates our Community Guidelines.

Details: